000 00602nam a2200229Ia 4500
003 OSt
005 20221007064420.0
006 a|||||r|||| 00| 0
007 ta
008 221006b |||||||| |||| 00| 0 eng d
024 _a14,120
037 _cTextual
040 _aFLL
_cFLL
_beng
041 _2eng
_aeng
082 _aX:5.2.N7, L8
100 _aPanchamukhi V.R.
245 0 _aTrade policies of India
260 _aDelhi
_bConcept Publishing Company India
_c1978
300 _a317p
_ccm.
942 _hX:5.2.N7, L8
_cTEXL
_2CC
999 _c1133967
_d1133967